| Tag |
First Indicator |
Second Indicator |
Subfields |
| LEADER |
00000cam a22000004a 4500 |
| 001 |
in00001519721 |
| 005 |
20151021163214.0 |
| 008 |
990202s2000 mauaf b 001 0 eng |
| 010 |
|
|
|a 99019649
|
| 020 |
|
|
|a 020138597X
|
| 035 |
|
|
|a (OCoLC)40762838
|
| 040 |
|
|
|a DLC
|c DLC
|d C#P
|d UtOrBLW
|
| 042 |
|
|
|a pcc
|a lcac
|
| 049 |
|
|
|a TXAM
|
| 050 |
0 |
0 |
|a T385
|b .A514 2000
|
| 082 |
0 |
0 |
|a 006.6
|2 21
|
| 100 |
1 |
|
|a Angel, Edward.
|
| 245 |
1 |
0 |
|a Interactive computer graphics :
|b a top-down approach with OpenGL /
|c Edward Angel.
|
| 250 |
|
|
|a 2nd ed.
|
| 264 |
|
1 |
|a Reading, Mass. :
|b Addison-Wesley,
|c [2000]
|
| 264 |
|
4 |
|c ©2000
|
| 300 |
|
|
|a xlii, 613 pages, 16 unnumbered pages of plates :
|b illustrations (some color) ;
|c 25 cm.
|
| 336 |
|
|
|a text
|b txt
|2 rdacontent
|
| 337 |
|
|
|a unmediated
|b n
|2 rdamedia
|
| 338 |
|
|
|a volume
|b nc
|2 rdacarrier
|
| 504 |
|
|
|a Includes bibliographical references (pages 591-597) and indexes.
|
| 650 |
|
0 |
|a Computer graphics.
|
| 630 |
0 |
0 |
|a OpenGL.
|
| 650 |
|
0 |
|a Interactive computer systems.
|
| 945 |
|
|
|i promptcat
|
| 994 |
|
|
|a 92
|b TXA
|
| 948 |
|
|
|a cataloged
|b h
|c 2000/2/2
|d c
|e jlanham
|f 9:49:59 am
|
| 999 |
|
|
|a MARS
|
| 999 |
f |
f |
|s 4da06302-7855-3472-9814-044b5a1c5142
|i 68da833e-aee0-31db-ac76-b7cd1c42895d
|t 0
|
| 952 |
f |
f |
|p ric
|a Texas A&M University
|b Rellis Campus
|c Joint Library Facility
|d Remote Storage
|t 0
|e T385 .A514 2000
|h Library of Congress classification
|i unmediated -- volume
|m A14823814239
|
| 998 |
f |
f |
|a T385 .A514 2000
|t 0
|l Remote Storage
|